000 00875nam a2200253 i 4500
001 13834
003 ES-MaACL
005 20250920063028.0
007 t|
008 980710s1986 fr ||||1| fre d
020 _a2-87027-194-8
080 _a821.133.1 Sade, marquis de 1.06
080 _a821.133.1 Retif de la Bretonne 1.06
100 0 _aBlanchot, Maurice,
_d1907-2003
_929163
245 1 0 _aSade et Retif de la Bretonne /
_cMaurice Blanchot.
260 _a[S.l.] :
_bEditions Complexe,
_c[1986]
300 _a156 p. ;
_c18 cm.
490 1 _aLe regard littéraire ;
_v5
600 1 4 _aSade
_cmarquis de-
_xCrítica e interpretación.
_9101278
600 1 4 _aRétif de La Bretonne, Nicolas-Edme-
_xCrítica e interpretación.
_996364
830 0 _aLe regard littéraire ;
_v5
_9192557
852 _aES-MaACL
_jL-21258
_bR.116271
999 _c13834
_d13834